000 00844nam a22003137a 4500
001 BR2019000694
003 BR-BrBNA
005 20230928105422.0
007 ta
008 230509b bl.||||| |||| 00| 0 por d
020 _a85-226-0028-7
040 _aBR-BrBNA
_bpor
_cBiblioteca Nacional de Agricultura
041 _a(Por)
072 _aF50
090 _ F50 BR2019000694
100 1 _aJunqueira, L.C.U.
100 1 _aCarneiro, J.
245 1 _aBiologia celular e molecular
250 1 _a3. ed.
260 3 _aRio de Janeiro, RJ (Brasil):
_bGuanabara Koogan,
_c1983.
300 _a270 p.
500 _aIncludes several bibliographies; 240 illus.; 12 tables
650 _aBIOLOGIA
650 _aBIOLOGIA MOLECULAR
650 _aCÉLULA
650 _aCÉLULA VEGATAL
909 _a202309
_bLucia
_c55
_dLucia Elande
942 _cBK
999 _c85054
_d85054